The Right to Information / (Record no. 69750)

MARC details
000 -LEADER
fixed length control field 00789nam a22002177a 4500
005 - DATE AND TIME OF LATEST TRANSACTION
control field 20120906120247.0
008 - FIXED-LENGTH DATA ELEMENTS--GENERAL INFORMATION
fixed length control field 120906t xxu||||| |||| 00| 0 eng d
010 ## - LCCN (DPL NO)
LC control number ENG-105793
020 ## - INTERNATIONAL STANDARD BOOK NUMBER
International Standard Book Number 9788182471948
Terms of availability 495.00
035 ## - SYSTEM CONTROL NUMBER
System control number EN-89326
037 ## - SOURCE OF ACQUISITION
Source of stock number/acquisition DBAD/PUB
040 ## - CATALOGING SOURCE
Original cataloging agency DPL
Language of cataloging English
082 ## - DEWEY DECIMAL CLASSIFICATION NUMBER
Classification number 342.540853
100 ## - MAIN ENTRY--PERSONAL NAME
9 (RLIN) 52052
Personal name Vermani, Ashutosh
245 ## - TITLE STATEMENT
Title The Right to Information /
Statement of responsibility, etc by Ashutosh Vermani
260 ## - PUBLICATION, DISTRIBUTION, ETC. (IMPRINT)
Place of publication, distribution, etc Chandigarh
Name of publisher, distributor, etc White Leaf International
Date of publication, distribution, etc 2012
270 ## - ADDRESS
Address S.C.O. 57-59, Sector-17C Basement
City Chandigarh
Postal code 17
300 ## - PHYSICAL DESCRIPTION
Extent 240p.
Dimensions 22cm(Hb)
942 ## - ADDED ENTRY ELEMENTS (KOHA)
Source of classification or shelving scheme Dewey Decimal Classification
Item type English Books
Classification part 342.540853
Call number suffix VER
Holdings
Withdrawn status Lost status Source of classification or shelving scheme Damaged status Not for loan Collection code Home library Current library Date acquired Source of acquisition Cost, normal purchase price Total Checkouts Full call number Barcode Date last seen Copy number Cost, replacement price Koha item type
    Dewey Decimal Classification   Not For Loan Non-fiction D.B.Act.Division D.B.Act.Division 06/09/2012 DBAD / PUB 495.00   342.540853 VER EN-89326 06/09/2012 1 495.00 English Books

© Delhi Public Library
Hit Counter
free hit counter